Economic growth and housing supply response : implications for housing price hehaviour

Bibliographic Details
Main Author: Pollakowski, Henry O. (Author)
Corporate Author: Massachusetts Institute of Technology Center for Real Estate
Format: Book
Language:English
Published: Cambridge, MA : MIT Center for Real Estate c2000
Subjects:

MARC

LEADER 00000cam a2200000 7i4500
001 0000009877
005 20241004.0
008 020227 enk eng
040 |a INS   |b eng   |e rda 
090 0 0 |a HB885   |b P65 2000 
100 1 |a Pollakowski, Henry O. ,   |e author 
245 1 0 |a Economic growth and housing supply response :   |b implications for housing price hehaviour 
264 1 |a Cambridge, MA :   |b MIT Center for Real Estate   |c c2000 
300 |a 48 pages ;   |c 28 cm. 
336 |a text  |2 rdacontent 
337 |a unmediated  |2 rdamedia 
338 |a volume  |2 rdacarrier 
650 0 |a Housing 
650 0 |a Housing development   |z United States 
650 0 |a Housing   |x Prices   |z United States 
710 2 |a Massachusetts Institute of Technology Center for Real Estate 
999 |a 0000008926   |b BOOK   |c Open Shelf   |e Default branch